000 00750nam a2200217 i 4500
001 99107
003 ES-MaACL
005 20230906182435.0
007 t|
008 051121s1975 pr ||||1| spa d
080 _a327(729.1:729.5)
080 _a327(729.5:729.1)
100 1 _aFreire, Joaquín.
_952458
245 1 0 _aPresencia de Puerto Rico en la historia de Cuba
_b: (una aportación al estudio de la historia antillana) /
_cJoaquín Freire.
250 _a2ª ed.
260 _aSan Juan, Puerto Rico :
_bInstituto de Cultura Puertorriqueña,
_c1975.
300 _a211 p. :
_bil. ;
_c22 cm.
651 4 _aCuba-
_xRelaciones-
_zPuerto Rico.
_98117
651 4 _aPuerto Rico-
_xRelaciones-
_zCuba.
_99288
852 _aES-MaACL
_jE-11076
_bR.136725
999 _c99107
_d99107